| 000 | 00705nam a2200217 a 4500 | ||
|---|---|---|---|
| 001 | BRCA_6502 | ||
| 005 | 20190320205501.0 | ||
| 008 | 270911s1922----gw-b######---#000-0#ger-# | ||
| 041 | _ager | ||
| 044 | _agw | ||
| 050 | 4 |
_aG1019 _b.P47 1922 |
|
| 245 | 1 | 0 |
_aJustus Perthes´ See-atlas _cein Ergänzung zu Justus Perthes´ Taschen-atlas ; entworfe und bearbeitet von Hermann Habenicht. |
| 260 |
_aGotha _bJ. Perthes _c1922 |
||
| 300 |
_a47 p. _bil. (algunas a color), 24 mapas _c17 cm. |
||
| 500 | _aEstado físico: encuadernación desprendida y hojas desprendidas | ||
| 500 | _aL36 | ||
| 650 | 1 | 4 |
_aAtlas _916252 |
| 700 | 1 |
_aHabenicht, Hermann _f1844-1917 _eed. _916253 |
|
| 902 | _aGFM | ||
| 942 |
_2lcc _cB |
||
| 999 |
_c6186 _d6186 |
||